• 首页
  • 本馆介绍
  • 公告通知
  • 最新文献
  • 馆藏检索
  • 电子资源
  • 读者导购
  • 参考咨询
  • 我的图书馆
  • 登录
  • 详细信息显示
  • 放入我的书架
  • 预约/预借图书
  • 作者相关作品
  • 分类相关作品
  • 丛书相关作品
  • 出版社相关作品

书目信息

  • 表格格式
  • 工作单格式
  • 卡片格式
题名:
中国现代媒介批评研究
    
 
作者: 胡正强 著
分册:  
出版信息: 北京   中国传媒大学出版  2010
页数: 283页
开本: 24cm
丛书名: 传媒学术前沿系列丛书
单 册:
中图分类: G219.296
科图分类:
主题词: 传播媒介--批评--研究--中国--现代 , 传播媒介
电子资源:
ISBN: 978-7-81127-836-1
000 01059oam2 2200277 45
001 1130695749
005 20110310092137.34
010    @a978-7-81127-836-1@dCNY45.00
100    @a20110122d2010 emky0chiy50 ea
101 0  @achi
102    @aCN@b110000
105    @ay z 000yy
106    @ar
200 1  @a中国现代媒介批评研究@AZhong Guo Xian Dai Mei Jie Pi Ping Yan Jiu@f胡正强著@FHu Zheng Qiang Zhu
210    @a北京@c中国传媒大学出版@d2010
215    @a283页@d24cm
225 2  @a传媒学术前沿系列丛书
308    @a丛书第二辑
330    @a本书从宏观上对中国现代媒介批评起迄演变的历史轨迹进行了梳理和划分,从微观角度探讨了主体、客体、文体、载体等因素在中国现代媒介批评活动中的建构作用,概括和归纳了中国现代媒介批评的主题及其内容,分析了中国现代媒介批评的视角、方式与方法、效果等。
461  0 @12001 @a传媒学术前沿系列丛书
606 0  @a传播媒介@x批评@x研究@y中国@z现代
606 0  @a传播媒介
690    @aG219.296@v4
701  0 @a胡正强@AHu Zheng Qiang@f(1965.2~)@4著
801  0 @aCN@bTANGWEI@c20110310
905    @b0531362-65@dG219.296@e440@f4
    
    中国现代媒介批评研究/胡正强著.-北京:中国传媒大学出版,2010
    283页;24cm.-(传媒学术前沿系列丛书)
    
    
    ISBN 978-7-81127-836-1:CNY45.00
    本书从宏观上对中国现代媒介批评起迄演变的历史轨迹进行了梳理和划分,从微观角度探讨了主体、客体、文体、载体等因素在中国现代媒介批评活动中的建构作用,概括和归纳了中国现代媒介批评的主题及其内容,分析了中国现代媒介批评的视角、方式与方法、效果等。
●
相关链接 在E读中查询图书 在五车中查询图书 在当当中查询图书 在豆瓣中查询图书


正题名:中国现代媒介批评研究     索取号:G219.296/440         预约/预借

序号 登录号 条形码 馆藏地/架位号 状态 备注
1 0531362   205313622   第一样本阅览室/ [索取号:G219.296/440] 在馆    
2 0531363   205313631   第四借阅区/ [索取号:G219.296/440] 在馆    
3 0531364   205313640   第四借阅区/ [索取号:G219.296/440] 在馆    
4 0531365   205313659   密集书库-文学院/ [索取号:G219.296/440] 在馆    
唐山师范学院图书馆 欢迎您!
大连网信软件有限公司© 版权所有